| 000 | 02727nam0a2200385 4500 | ||
|---|---|---|---|
| 001 | RU\NLR\BIBL_A\022092468 | ||
| 005 | 20260408231654.0 | ||
| 010 |
_a978-5-94178-168-3 _9100 |
||
| 035 | _a(NLR Aleph) 022092468 | ||
| 090 |
_a13506194 _c13506194 |
||
| 100 | _a20231208d2022 u y0rusy50 ca | ||
| 101 | 0 | _arus | |
| 102 | _aRU | ||
| 105 | _aa j 000yy | ||
| 181 | 0 |
_ai _baxxe |
|
| 182 | 0 | _an | |
| 200 | 1 |
_aПолучение качественного проката и безопасность в метизном производстве _eучебное пособие для студентов высших учебных заведений, обучающихся по направлениям "Конструкторско-технологическое обеспечение машиностроительных производств", "Автоматизация технологических процессов и производств" _fА. А. Филиппов, Г. В. Пачурин, В. И. Наумов |
|
| 203 |
_aТекст _bвизуальный _cнепосредственный |
||
| 210 |
_aСтарый Оскол _cТНТ _d2023 |
||
| 215 |
_a226, [1] с. _cил., табл. _d21 |
||
| 320 | _aБиблиогр. в конце кн. (93 назв.) | ||
| 606 |
_aМеталлообрабатывающая промышленность _xОхрана труда _jУчебные издания для высших учебных заведений _3RU\NLR\AUTH\66703495 _91598746 |
||
| 606 |
_aПрокат (мет.) _xКачество _xВлияние термомеханической обработки _jУчебные издания для высших учебных заведений _3RU\NLR\AUTH\66902855 _91970520 |
||
| 606 |
_aПрокат (мет.) _xПроизводство _jУчебные издания для высших учебных заведений _3RU\NLR\AUTH\661249164 _92074185 |
||
| 606 |
_aМетизы _xШтамповка объемная холодная _jУчебные издания для высших учебных заведений _3RU\NLR\AUTH\6601764159 _92691118 |
||
| 686 | 1 | _aК802,27я73-1 | |
| 686 | 1 | _aК621,27я73-1 | |
| 686 | 1 | _aУ24(2)795.305.852(2Р)я73 | |
| 700 | 1 |
_8rus _7ca _aФилиппов _bА. А. _cканд. техн. наук, металловедение _gАлексей Александрович _3RU\NLR\AUTH\77125604 _9108529 |
|
| 701 | 1 |
_aПачурин _bГ. В. _gГерман Васильевич |
|
| 701 | 1 |
_8rus _7ca _aНаумов _bВ. И. _cд-р хим. наук _gВладимир Иванович _3RU\NLR\AUTH\7788333 _971261 |
|
| 942 | _cBOOK | ||
| 980 | _aNB | ||